A prophetic bishop speaks to his people : (Record no. 125407)
[ view plain ]
| 000 -LEADER | |
|---|---|
| fixed length control field | 01471cam a2200361Ii 4500 |
| 001 - CONTROL NUMBER | |
| control field | 11502364 |
| 003 - CONTROL NUMBER IDENTIFIER | |
| control field | ARRUPE |
| 005 - DATE AND TIME OF LATEST TRANSACTION | |
| control field | 20161004092026.0 |
| 008 - FIXED-LENGTH DATA ELEMENTS--GENERAL INFORMATION | |
| fixed length control field | 130612m20159999fluac b 001 0 eng d |
| 015 ## - NATIONAL BIBLIOGRAPHY NUMBER | |
| National bibliography number | GBB366835 |
| Source | bnb |
| 016 7# - NATIONAL BIBLIOGRAPHIC AGENCY CONTROL NUMBER | |
| Record control number | 016462238 |
| Source | Uk |
| 020 ## - INTERNATIONAL STANDARD BOOK NUMBER | |
| International Standard Book Number | 9781934996638 |
| 035 ## - SYSTEM CONTROL NUMBER | |
| System control number | (OCoLC)ocn855200569 |
| 035 ## - SYSTEM CONTROL NUMBER | |
| System control number | (OCoLC)855200569 |
| Canceled/invalid control number | (OCoLC)912007794 |
| -- | (OCoLC)913334549 |
| 035 ## - SYSTEM CONTROL NUMBER | |
| System control number | (NNC)11502364 |
| 040 ## - CATALOGING SOURCE | |
| Original cataloging agency | UKMGB |
| Language of cataloging | eng |
| Description conventions | rda |
| Transcribing agency | UKMGB |
| Modifying agency | OCLCO |
| 041 1# - LANGUAGE CODE | |
| Language code of text/sound track or separate title | eng |
| Language code of original and/or intermediate translations of text | spa |
| 050 14 - LIBRARY OF CONGRESS CALL NUMBER | |
| Classification number | BX2003.R763 |
| 082 04 - DEWEY DECIMAL CLASSIFICATION NUMBER | |
| Classification number | 252.02 |
| Edition number | 23 |
| 300 ## - PHYSICAL DESCRIPTION | |
| Other physical details | illustrations, portrait ; |
| Dimensions | 22 cm. |
| 100 1# - MAIN ENTRY--PERSONAL NAME | |
| Personal name | Romero, Óscar A. |
| Fuller form of name | (Óscar Arnulfo), |
| Dates associated with a name | 1917-1980, |
| Relator term | author. |
| 9 (RLIN) | 4771 |
| 245 12 - TITLE STATEMENT | |
| Title | A prophetic bishop speaks to his people : |
| Remainder of title | the complete homilies of Archbishop Oscar Arnulfo Romero / |
| Statement of responsibility, etc | translated by Joseph V. Owens ; Rafael Luciani, Félix Palazzi, Julian Filochowski (Eds.) |
| 260 ## - PUBLICATION, DISTRIBUTION, ETC. (IMPRINT) | |
| Place of publication, distribution, etc | Florida |
| Name of publisher, distributor, etc | Convivium Press |
| Date of publication, distribution, etc | 2015 |
| 300 ## - PHYSICAL DESCRIPTION | |
| Extent | 118-559p. |
| 490 1# - SERIES STATEMENT | |
| Series statement | Series martyria |
| 500 ## - GENERAL NOTE | |
| General note | Translated from the Spanish. |
| 504 ## - BIBLIOGRAPHY, ETC. NOTE | |
| Bibliography, etc | Includes bibliographical references and indexes. |
| 505 00 - FORMATTED CONTENTS NOTE | |
| Miscellaneous information | v. 1. |
| Title | Cycle C : 14 March to 25 November 1977 -- |
| Miscellaneous information | v. 2. |
| Title | Cycle A : 27 November 1977 to 28 May 1978 -- |
| Miscellaneous information | v. 3. |
| -- | v.4 :3 December 1978 to 17 June 1979--. |
| Title | Cycle A : 4 June 1978 to 29 November 1978 |
| 700 1# - ADDED ENTRY--PERSONAL NAME | |
| Personal name | Owens, Joseph, |
| Relator term | editor, |
| -- | translator. |
| 9 (RLIN) | 26381 |
| 830 #0 - SERIES ADDED ENTRY--UNIFORM TITLE | |
| Uniform title | Series Martyria. |
| 9 (RLIN) | 26382 |
| 942 ## - ADDED ENTRY ELEMENTS (KOHA) | |
| Source of classification or shelving scheme | Library of Congress Classification |
| Koha item type | Monograph ( Printed materials) |
| 948 1# - LOCAL PROCESSING INFORMATION (OCLC); SERIES PART DESIGNATOR (RLIN) | |
| Series part designator, SPT (RLIN) | 20150817 |
| b (OCLC) | c |
| c (OCLC) | sl13 |
| d (OCLC) | MPS |
| Withdrawn status | Lost status | Source of classification or shelving scheme | Damaged status | Not for loan | Collection code | Home library | Current library | Shelving location | Date acquired | Total Checkouts | Full call number | Barcode | Date last seen | Date checked out | Price effective from | Koha item type |
|---|---|---|---|---|---|---|---|---|---|---|---|---|---|---|---|---|
| Library of Congress Classification | Main Collection | ARRUPE LIBRARY | ARRUPE LIBRARY | Main Collection | 04/10/2016 | 1 | BX2003.R763 vol.4 | 46500010056 | 22/11/2017 | 24/10/2016 | 04/10/2016 | Monograph ( Printed materials) |